00902cam a2200253 a 45000010006000000050017000060080041000230200018000640400031000820820021001130840011001341000045001452450093001902500021002832640058003043000059003623360029004213370028004503380028004784900028005065000037005346500041005717000036006126005920260318135043.0190621s2019 ck a gr 000 jdspa  a9789584230737 aCO-BoBNbspacCO-BoBNerda04a863.7bL864s223 aN LOP21 aLópez Narváez, Concha,d1939-eautor13aEl silencio del asesino /cConcha López Narváez ; ilustraciones de Rafael Salmerón aNovena edición 1aBogotá; ColombiabEditoral Planeta Colombianac2024 a141 páginasbilustraciones en blanco y negro c19 cm atextobtxt2rdacontenido ano mediadobn2rdamedio avolumenbnc2rdasoporte0 aPlaneta lector. Juvenil aIncluye biografía de la autora14aCuentos españolesySiglo XXI2LEMB1 aSalmerón, Rafael,eilustrador